Atala ; (Registro nro. 23559)

Detalles MARC
000 -CABECERA
Longitud fija campo de control 00870nam a22002651 4500
003 - IDENTIFICADOR DELl NÚMERO DE CONTROL
Identificador del número de control OSt
005 - FECHA Y HORA DE LA ÚLTIMA TRANSACCIÓN
Fecha y hora de la última transacción 20151117101956.0
008 - CÓDIGOS DE INFORMACIÓN DE LONGITUD FIJA
Códigos de información de longitud fija 900725s1984 sp spa
020 ## - NÚMERO INTERNACIONAL NORMALIZADO PARA LIBROS
Número Internacional Normalizado para Libros (ISBN) 84-320-3909-8
040 ## - FUENTE DE LA CATALOGACIÓN
Centro transcriptor BMC
082 ## - NÚMERO DE LA CLASIFICACIÓN DECIMAL DEWEY
Númeroo de clasificación 863
100 1# - PUNTO DE ACCESO PRINCIPAL-NOMBRE DE PERSONA
9 (RLIN) 40
Nombre de persona Chateaubriand, François-René
Fechas asociadas al nombre 1768-1848
Títulos y otros términos asociados al nombre vicomte de
245 10 - MENCIÓN DE TÍTULO
Título Atala ;
Resto del título René
Mención de responsabilidad, etc. Vizconde de Chateaubriand ; introducción, Gabriel Oliver ; traducción, Sebastián Juan Arbó y Julio Gómez de ls Serna
250 ## - MENCIÓN DE EDICIÓN
Mención de edición 1ª ed
260 0# - PUBLICACIÓN, DISTRIBUCIÓN, ETC. (PIE DE IMPRENTA)
Lugar de publicación, distribución, etc. Barcelona
Nombre del editor, distribuidor, etc. Planeta
Fecha de publicación, distribución, etc. 1984
300 ## - DESCRIPCIÓN FÍSICA
Extensión 139 p.
Dimensiones 18 cm
490 0# - MENCIÓN DE SERIE
Mención de serie Clásicos universales Planeta
Designación de volumen o secuencia 77
650 24 - PUNTO DE ACCESO ADICIONAL DE MATERIA - TÉRMINO DE MATERIA
9 (RLIN) 11443
Término de materia o nombre geográfico como elemento inicial Novela francesa
700 1# - PUNTO DE ACCESO ADICIONAL - NOMBRE DE PERSONA
9 (RLIN) 37171
Nombre de persona Oliver, Gabriel
Fechas asociadas al nombre 1937-2006
700 1# - PUNTO DE ACCESO ADICIONAL - NOMBRE DE PERSONA
9 (RLIN) 681
Nombre de persona Juan Arbó, Sebastián
Fechas asociadas al nombre 1902-1984
700 1# - PUNTO DE ACCESO ADICIONAL - NOMBRE DE PERSONA
9 (RLIN) 188
Nombre de persona Gómez de la Serna, Julio
740 01 - PUNTO DE ACCESO ADICIONAL - TÍTULO RELACIONADO O ANALÍTICO NO CONTROLADO
Título relacionado o analítico no controlado René
740 31 - PUNTO DE ACCESO ADICIONAL - TÍTULO RELACIONADO O ANALÍTICO NO CONTROLADO
Título relacionado o analítico no controlado El Ultimo Abencerraje
942 ## - ENTRADA DE ELEMENTOS AGREGADOS (KOHA)
Fuente de clasificaión o esquema Dewey Decimal Classification
Koha [por defecto] tipo de item 1- Monografias
Existencias
Suprimido Perdido Fuente de clasificación o esquema Estropeado Restricciones de uso No para préstamo Código de colección Localización permanente Localización actual Localización en estanter&íacute;as Fecha adquisición Fuente de adquisición Número de inventario Préstamos totales Signatura completa Código de barras Fecha última consulta Coste, precio reemplazado Fecha del precio de reemplazo Tipo de item de Koha
NULL NULL Dewey Decimal Classification NULL Prestable NULL NULL Biblioteca Miguel de Cervantes - UNICAES Biblioteca Miguel de Cervantes - UNICAES Sala Principal 16/11/2015 Donación - ADESH 031037   N CHA ata 1035180 16/11/2015 12.00 16/11/2015 1- Monografias